[Event "MNT-chT"]
[Site "Podgorica"]
[Date "2020.10.09"]
[Round "1.4"]
[White "Drasko, Milan"]
[Black "Cirovic, Miroljub"]
[Result "1/2-1/2"]
[WhiteElo "2417"]
[BlackElo "2253"]
[PlyCount "50"]
[EventDate "2020.10.09"]
[EventType "team-tourn"]
[EventRounds "9"]
[EventCountry "MNE"]
[SourceTitle "CBM 198 Extra"]
[Source "ChessBase"]
[SourceDate "2020.11.30"]
[SourceVersion "1"]
[SourceVersionDate "2020.11.30"]
[SourceQuality "1"]
[WhiteTeam "Mimoza"]
[BlackTeam "Rudar"]
[WhiteTeamCountry "MNE"]
[BlackTeamCountry "MNE"]

1. Nf3 c5 2. c4 Nc6 3. Nc3 g6 4. g3 Bg7 5. Bg2 e6 6. 0-0 Nge7 7. d4 cxd4 8. Nb5 0-0 9. Nbxd4 d5 10. cxd5 exd5 11. b3 Nf5 12. Bb2 Qb6 13. e3 Nfxd4 14. Nxd4 Nxd4 15. Bxd4 Bxd4 16. Qxd4 Qxd4 17. exd4 Be6 18. Rfc1 Rfc8 19. Kf1 Kf8 20. Ke2 Ke7 21. Kd2 Kd6 22. Bf1 Bd7 23. Rxc8 Rxc8 24. Rc1 Rxc1 25. Kxc1 a5 1/2-1/2

[Event "Djenovici TS10 GM 3rd"]
[Site "Djenovici"]
[Date "2019.10.24"]
[Round "6"]
[White "Cirovic, Miroljub"]
[Black "Dizdarevic, Emir"]
[Result "1/2-1/2"]
[WhiteElo "2229"]
[BlackElo "2446"]
[PlyCount "29"]
[EventDate "2019.10.19"]
[EventType "tourn"]
[EventRounds "9"]
[EventCountry "MNE"]
[EventCategory "6"]
[SourceTitle "CBM 192 Extra"]
[Source "Chessbase"]
[SourceDate "2019.11.06"]
[SourceVersion "1"]
[SourceVersionDate "2019.11.06"]
[SourceQuality "1"]

1. d4 d5 2. c4 dxc4 3. Nf3 c5 4. d5 e6 5. Nc3 exd5 6. Qxd5 Qxd5 7. Nxd5 Bd6 8. e4 Nc6 9. Bxc4 Nf6 10. 0-0 Nxd5 11. Bxd5 Nb4 12. Bb3 Be6 13. Bxe6 fxe6 14. Rd1 Be7 15. Bf4 1/2-1/2

[Event "Djenovici TS10 GM 3rd"]
[Site "Djenovici"]
[Date "2019.10.20"]
[Round "2"]
[White "Dedebas, Emre Emin"]
[Black "Cirovic, Miroljub"]
[Result "1/2-1/2"]
[WhiteElo "2355"]
[BlackElo "2229"]
[PlyCount "39"]
[EventDate "2019.10.19"]
[EventType "tourn"]
[EventRounds "9"]
[EventCountry "MNE"]
[EventCategory "6"]
[SourceTitle "CBM 192 Extra"]
[Source "Chessbase"]
[SourceDate "2019.11.06"]
[SourceVersion "1"]
[SourceVersionDate "2019.11.06"]
[SourceQuality "1"]

1. e4 c5 2. Nc3 g6 3. d4 cxd4 4. Qxd4 Nf6 5. Nf3 Nc6 6. Qa4 d6 7. e5 dxe5 8. Nxe5 Bd7 9. Nxd7 Nxd7 10. Bb5 Qc8 11. 0-0 Bg7 12. Nd5 a6 13. Bxc6 bxc6 14. Nb4 Nc5 15. Qxc6+ Qxc6 16. Nxc6 Rc8 17. Nb4 e6 18. c3 a5 19. Nc2 0-0 20. Rb1 1/2-1/2

[Event "MNT-ch U20"]
[Site "Pljevlja"]
[Date "2019.07.03"]
[Round "7"]
[White "Cirovic, Miroljub"]
[Black "Miletic, Vuk"]
[Result "1/2-1/2"]
[WhiteElo "2226"]
[BlackElo "2007"]
[PlyCount "92"]
[EventDate "2019.06.29"]
[EventType "swiss"]
[EventRounds "7"]
[EventCountry "MNE"]
[SourceTitle "EXT 2020"]
[Source "ChessBase"]
[SourceDate "2019.10.17"]
[SourceVersion "1"]
[SourceVersionDate "2019.10.17"]
[SourceQuality "1"]

1. d4 Nf6 2. c4 e6 3. Nf3 Bb4+ 4. Nbd2 b6 5. g3 Ba6 6. Qc2 Bb7 7. Bg2 Be4 8. Qd1 0-0 9. 0-0 Bxd2 10. Qxd2 d6 11. b3 Nbd7 12. Bb2 Qe7 13. Qc3 Rfe8 14. Rad1 a5 15. a4 Bb7 16. d5 exd5 17. cxd5 Nc5 18. Nd4 Qd7 19. Qc4 Ba6 20. Nb5 Bxb5 21. axb5 Qg4 22. e4 Qg6 23. e5 Ng4 24. e6 Rad8 25. Rfe1 fxe6 26. dxe6 Re7 27. f4 h5 28. Qd5 Rf8 29. Be4 Nxe4 30. Qxe4 Qxe4 31. Rxe4 Rf5 32. Rc1 Rxb5 33. Rxc7 Rxc7 34. e7 Rxe7 35. Rxe7 Nf6 36. Re3 Kf7 37. h3 Nd7 38. Bxg7 Nc5 39. Bd4 Nxb3 40. Bc3 a4 41. g4 hxg4 42. hxg4 a3 43. f5 a2 44. Rh3 a1Q+ 45. Bxa1 Nxa1 46. Rh7+ Kf6 1/2-1/2

[Event "Wch U20 57th"]
[Site "Manavgat"]
[Date "2018.09.12"]
[Round "8"]
[White "Kilic, Efe Mert"]
[Black "Cirovic, Miroljub"]
[Result "1/2-1/2"]
[WhiteElo "2269"]
[BlackElo "2181"]
[PlyCount "135"]
[EventDate "2018.09.05"]
[EventType "swiss"]
[EventRounds "11"]
[EventCountry "TUR"]
[SourceTitle "CBM 186 Extra"]
[Source "ChessBase"]
[SourceDate "2018.08.24"]
[SourceVersion "1"]
[SourceVersionDate "2018.08.24"]
[SourceQuality "1"]

1. e4 c5 2. Nf3 Nc6 3. d4 cxd4 4. Nxd4 g6 5. Nc3 Bg7 6. Be3 Nf6 7. Bc4 Qa5 8. 0-0 0-0 9. Bb3 d6 10. h3 Bd7 11. f4 Rac8 12. Qf3 Qh5 13. Nxc6 Bxc6 14. g4 Qa5 15. Rad1 b5 16. Nd5 Bxd5 17. exd5 Nd7 18. Bd4 Nc5 19. Bxg7 Kxg7 20. Qf2 Qb6 21. c3 Nxb3 22. axb3 Qxf2+ 23. Kxf2 b4 24. c4 a5 25. Ra1 Rc5 26. Ke3 e6 27. Rfd1 Rd8 28. Ra4 exd5 29. Rxd5 Rxd5 30. cxd5 Ra8 31. Ra1 Kf8 32. Kd3 Ke7 33. Rc1 Kd7 34. Rc6 a4 35. bxa4 Rxa4 36. b3 Ra1 37. Rb6 Kc7 38. Rxb4 Rh1 39. Re4 Rxh3+ 40. Kc4 Kd7 41. g5 Rh1 42. b4 Rc1+ 43. Kb5 Rd1 44. Kb6 Rxd5 45. b5 Rd1 46. Ra4 Rb1 47. Ra7+ Ke6 48. Rc7 Rb4 49. Ka5 Rxf4 50. b6 Rf1 51. b7 Rb1 52. Ka6 Ra1+ 53. Kb6 Rb1+ 54. Ka7 Ra1+ 55. Kb8 Kf5 56. Rxf7+ Kxg5 57. Kc8 Rb1 58. Rxh7 Kf4 59. b8Q Rxb8+ 60. Kxb8 g5 61. Kc7 g4 62. Rf7+ Ke3 63. Rg7 Kf3 64. Rxg4 Kxg4 65. Kc6 d5 66. Kc5 Kf4 67. Kd4 Kf5 68. Kxd5 1/2-1/2

[Event "MNT-chT"]
[Site "Niksic"]
[Date "2018.08.10"]
[Round "4.3"]
[White "Knezevic, Miodrag"]
[Black "Cirovic, Miroljub"]
[Result "1/2-1/2"]
[WhiteElo "2094"]
[BlackElo "2190"]
[PlyCount "57"]
[EventDate "2018.08.07"]
[EventType "team-tourn"]
[EventRounds "9"]
[EventCountry "MNE"]
[SourceTitle "CBM 186 Extra"]
[Source "ChessBase"]
[SourceDate "2018.08.24"]
[SourceVersion "1"]
[SourceVersionDate "2018.08.24"]
[SourceQuality "1"]
[WhiteTeam "Rokada"]
[BlackTeam "Rudar"]
[WhiteTeamCountry "MNE"]
[BlackTeamCountry "MNE"]

1. d4 Nf6 2. Bf4 g6 3. e3 Bg7 4. Nf3 b6 5. Be2 Bb7 6. 0-0 0-0 7. h3 d6 8. Nbd2 Nbd7 9. Re1 Qe8 10. Nf1 e5 11. Bh2 Qe7 12. c3 Ne4 13. Qc2 f5 14. dxe5 dxe5 15. Rad1 Rad8 16. Bc4+ Kh8 17. Bd5 Bxd5 18. Rxd5 c6 19. Rdd1 Qe6 20. b3 c5 21. N3d2 Nxd2 22. Nxd2 e4 23. Nb1 Ne5 24. Rxd8 Rxd8 25. Bxe5 Bxe5 26. Rd1 Rd6 27. c4 Qd7 28. Rxd6 Qxd6 29. Qd2 1/2-1/2

[Event "MNT-chT"]
[Site "Niksic"]
[Date "2018.08.07"]
[Round "1.2"]
[White "Cirovic, Miroljub"]
[Black "Batricevic, Jovo"]
[Result "1/2-1/2"]
[WhiteElo "2190"]
[BlackElo "2188"]
[PlyCount "28"]
[EventDate "2018.08.07"]
[EventType "team-tourn"]
[EventRounds "9"]
[EventCountry "MNE"]
[SourceTitle "CBM 186 Extra"]
[Source "ChessBase"]
[SourceDate "2018.08.24"]
[SourceVersion "1"]
[SourceVersionDate "2018.08.24"]
[SourceQuality "1"]
[WhiteTeam "Rudar"]
[BlackTeam "Crnogorac"]
[WhiteTeamCountry "MNE"]
[BlackTeamCountry "MNE"]

1. d4 d5 2. c4 Bf5 3. cxd5 Bxb1 4. Qa4+ c6 5. Rxb1 Qxd5 6. Nf3 Nf6 7. e3 e6 8. Be2 Nbd7 9. 0-0 Bd6 10. b4 0-0 11. b5 Nb6 12. Qb3 cxb5 13. Bxb5 Rfc8 14. Bb2 Nc4 1/2-1/2

[Event "Paracin Summer op-A 11th"]
[Site "Paracin"]
[Date "2018.07.07"]
[Round "2"]
[White "Toncheva, Nadya"]
[Black "Cirovic, Miroljub"]
[Result "0-1"]
[WhiteElo "1975"]
[BlackElo "2183"]
[PlyCount "96"]
[EventDate "2018.07.06"]
[EventType "swiss"]
[EventRounds "9"]
[EventCountry "SRB"]
[SourceTitle "CBM 185 Extra"]
[Source "ChessBase"]
[SourceDate "2018.07.29"]
[SourceVersion "1"]
[SourceVersionDate "2018.07.29"]
[SourceQuality "1"]

1. d4 Nf6 2. c4 e6 3. Nc3 Bb4 4. e3 b6 5. Nge2 Ba6 6. a3 Bxc3+ 7. Nxc3 d5 8. Qf3 0-0 9. cxd5 exd5 10. Bxa6 Nxa6 11. 0-0 c6 12. b4 Nc7 13. Bb2 Qd7 14. a4 Rfe8 15. Rac1 a6 16. Qe2 b5 17. Qc2 Ne6 18. Nb1 Rac8 19. Nd2 Ng5 20. Nb3 Qd6 21. Qc5 Qc7 22. h3 Qd7 23. Rc2 Nfe4 24. Qb6 Nxh3+ 25. gxh3 Qxh3 26. Rxc6 Qg4+ 27. Kh2 Ng5 28. Nd2 Qh5+ 29. Kg2 Qh3+ 30. Kg1 Qg4+ 31. Kh2 h5 32. Rxc8 Qxc8 33. Rc1 Qh3+ 34. Kg1 Re4 35. Qb8+ Kh7 36. Qh2 Nf3+ 37. Nxf3 Qxf3 38. Kf1 Rxe3 39. Re1 Rxe1+ 40. Kxe1 bxa4 41. Qe5 h4 42. Qe7 f6 43. Qc7 h3 44. Qc2+ f5 45. Qc7 f4 46. Qd8 Qh5 47. Qc7 h2 48. Qc2+ Qg6 0-1

[Event "MNT-ch U20"]
[Site "Pljevlja"]
[Date "2018.07.01"]
[Round "8"]
[White "Cirovic, Miroljub"]
[Black "Sukovic, Andrej"]
[Result "1-0"]
[WhiteElo "2170"]
[BlackElo "2203"]
[PlyCount "85"]
[EventDate "2018.06.28"]
[EventType "tourn"]
[EventRounds "10"]
[EventCountry "MNE"]
[SourceTitle "EXT 2019"]
[Source "ChessBase"]
[SourceDate "2018.10.10"]
[SourceVersion "1"]
[SourceVersionDate "2018.10.10"]
[SourceQuality "1"]

1. d4 Nf6 2. c4 g6 3. Nc3 Bg7 4. Nf3 0-0 5. g3 d6 6. Bg2 Nc6 7. 0-0 a6 8. Bf4 Rb8 9. Rc1 Bg4 10. Qd2 Nd7 11. Be3 e5 12. dxe5 dxe5 13. Bg5 f6 14. Bh6 Nc5 15. Bxg7 Kxg7 16. Rfd1 Qe7 17. Nd5 Qf7 18. b4 Ne4 19. Qe3 Nd6 20. Qc5 Ne4 21. Qe3 Nd6 22. Qc5 Rfc8 23. b5 b6 24. Nxb6 Rxb6 25. bxc6 Rb2 26. h3 Be6 27. Nd2 Nf5 28. Qa3 Rcb8 29. Nb3 Rxe2 30. Bf3 Nxg3 31. fxg3 Re3 32. Kf2 Rxf3+ 33. Kxf3 Bxh3 34. Kf2 Qe6 35. Rd7+ Kh6 36. Qe7 Qf5+ 37. Kg1 Rh8 38. Qg7+ Kg5 39. Rd2 Qc8 40. Kh2 Bf5 41. Qe7 Be4 42. Nc5 Bf5 43. Nd7 1-0

[Event "EU-ch Amateur U2300"]
[Site "Niksic"]
[Date "2018.06.21"]
[Round "9"]
[White "Cirovic, Miroljub"]
[Black "Krstonijevic, Stjepan"]
[Result "1/2-1/2"]
[WhiteElo "2170"]
[BlackElo "2188"]
[PlyCount "32"]
[EventDate "2018.06.14"]
[EventType "swiss"]
[EventRounds "9"]
[EventCountry "MNE"]
[SourceTitle "CBM 185 Extra"]
[Source "ChessBase"]
[SourceDate "2018.07.29"]
[SourceVersion "1"]
[SourceVersionDate "2018.07.29"]
[SourceQuality "1"]

1. d4 e6 2. c4 f5 3. Nf3 Bb4+ 4. Bd2 Qe7 5. g3 b6 6. Bg2 Bb7 7. 0-0 Bxd2 8. Qxd2 Nf6 9. Nc3 Ne4 10. Qe3 Nxc3 11. Qxc3 0-0 12. d5 Na6 13. dxe6 dxe6 14. Ne5 Bxg2 15. Kxg2 Nc5 16. f3 a5 1/2-1/2

[Event "EU-ch Amateur U2300"]
[Site "Niksic"]
[Date "2018.06.18"]
[Round "6"]
[White "Marsenic, Lazar"]
[Black "Cirovic, Miroljub"]
[Result "0-1"]
[WhiteElo "2022"]
[BlackElo "2170"]
[PlyCount "36"]
[EventDate "2018.06.14"]
[EventType "swiss"]
[EventRounds "9"]
[EventCountry "MNE"]
[SourceTitle "CBM 185 Extra"]
[Source "ChessBase"]
[SourceDate "2018.07.29"]
[SourceVersion "1"]
[SourceVersionDate "2018.07.29"]
[SourceQuality "1"]

1. e4 c5 2. Nf3 Nc6 3. Bb5 e5 4. 0-0 Nge7 5. Re1 g6 6. Nc3 Bg7 7. a4 0-0 8. d3 d6 9. h3 h6 10. Bc4 Be6 11. Nd5 Bxd5 12. exd5 Nb4 13. Nh2 Nbxd5 14. Qf3 Nb6 15. Bb3 Nf5 16. c3 a5 17. Qxb7 d5 18. Ng4 Nd6 0-1

[Event "EU-ch Amateur U2300"]
[Site "Niksic"]
[Date "2018.06.16"]
[Round "4"]
[White "Musikic, Stefan"]
[Black "Cirovic, Miroljub"]
[Result "0-1"]
[WhiteElo "1776"]
[BlackElo "2170"]
[PlyCount "30"]
[EventDate "2018.06.14"]
[EventType "swiss"]
[EventRounds "9"]
[EventCountry "MNE"]
[SourceTitle "CBM 185 Extra"]
[Source "ChessBase"]
[SourceDate "2018.07.29"]
[SourceVersion "1"]
[SourceVersionDate "2018.07.29"]
[SourceQuality "1"]

1. e4 c5 2. Nf3 Nc6 3. d4 cxd4 4. Nxd4 g6 5. Be3 Nf6 6. Nc3 Bg7 7. Bc4 Qa5 8. f3 Qb4 9. Bb3 Nxe4 10. Nxc6 Bxc3+ 11. bxc3 Qxc3+ 12. Ke2 dxc6 13. Bd4 e5 14. h3 Ng3+ 15. Kf2 Nxh1+ 0-1